Construyenco la paz : aprendizaje desde la base. El conflicto Colombiano y las iglesias santuarios de paz / Centro Cristiano para la Justicia, Paz y Acción Noviolenta, Justapaz (Registro nro. 43832)
[ vista simple ]
| 000 -LÍDER | |
|---|---|
| Campo fijo de descripción fija | 013750000a22002050004500 |
| 001 - NÚMERO DE CONTROL | |
| Campo de control | 17166 |
| 003 - IDENTIFICADOR DEL NÚMERO DE CONTROL | |
| Campo de control | CO-MdBIC |
| 040 ## - FUENTE DE CATALOGACIÓN | |
| Idioma de catalogación | spa. |
| 082 04 - NÚMERO DE CLASIFICACIÓN DECIMAL DEWEY | |
| Número de clasificación | G 303.6686 G113c |
| 110 1# - ASIENTO PRINCIPAL--NOMBRE CORPORATIVO | |
| Nombre corporativo o de jurisdicción como elemento de entrada | Centro Cristiano para Justicia, Paz y Acción Noviolenta. |
| 245 10 - TÍTULO | |
| Título del Material | Construyenco la paz : aprendizaje desde la base. El conflicto Colombiano y las iglesias santuarios de paz / Centro Cristiano para la Justicia, Paz y Acción Noviolenta, Justapaz |
| 260 ## - PUBLICACIÓN, DISTRIBUCIÓN, ETC. (PIE DE IMPRENTA) | |
| Lugar de publicación, distribución, etc. | Bogotá : Lutheran World Relief , Justapaz |
| 336 ## - CONTENT TYPE | |
| Content type term | texto |
| Content type code | txt |
| Source | rdacontent |
| 337 ## - MEDIA TYPE | |
| Source | rdamedia |
| Media type term | sin mediación |
| Media type code | n |
| 338 ## - CARRIER TYPE | |
| Source | rdacarrier |
| Carrier type term | volumen |
| Carrier type code | nc |
| 501 ## - NOTA DE “CON” | |
| Nota de Contenido | Encuadernado en rústico con pasta flexible |
| 505 00 - NOTA DE CONTENIDO | |
| Nota de contenido con formato preestablecido | \I. La paz que se quiere: La paz como verdad, justicia, reparación y reconciliación -- La paz como garantía y protección de los Derechos Humanos -- Vida digna \ II. Lo que hay que hacer para avanzar hacia la paz: Estar de parte de las víctimas y de quienes subren -- Disminuir la violencia -- Responder a las víctimas. \ III. Importa el "cómo"se hacen las cosas IV. El enfoque de género en la construcción de la paz: Dedónde vienen las iglesias -- Momentos en un proceso de transformación \ IV. Implicaciones para políticas públicas. |
| 650 14 - ASIENTO SECUNDARIO DE MATERIA - TERMINO TEMÁTICO | |
| Término temático o nombre geográfico como elemento de entrada | PAZ \ NO-VIOLENCIA \ GUERRA - DERECHOS DE LOS CIVILES \ DERECHOS HUMANOS \ JUSTICIA SOCIAL \ SERVICIO SOCIAL RELIGIOSO |
| 942 ## - TIPO DE MATERIAL (KOHA) | |
| Tipo de Item KOHA | Libros General |
| Estado de Material | Estado de Perdido | Estado de Dañado | No para Préstamo | Colección | Tomo | Biblioteca de Origen | Biblioteca Permanente | Fecha de Adquisición | Total de Préstamos | Total de Renovaciones | Signatura Topográfica | Código de Barras | Última vez visto | Última vez Préstado | Ejemplar/Existencia | Fecha de Remplazo | Tipo de Material |
|---|---|---|---|---|---|---|---|---|---|---|---|---|---|---|---|---|---|
| Colección General | Biblioteca FUSBC | Biblioteca FUSBC | 22/09/2010 | 8 | 7 | G 303.6686 G113c | 17107 | 10/05/2021 | 21/01/2021 | 1 | 26/01/2016 | Libros General |
